Estatísticas para Cultura Geral

Clique aqui para jogar o quiz

Estatísticas Gerais

  • Esse quiz foi jogado 16 vezes
  • A pontuação média é 8 de 15

Estatísticas das Respostas

HintResposta% Correto
Que nome damos ao ato de dar um bem próprio a outra pessoa, geralmente alguém necessitado, ou a uma instituição?Doação
100%
Em que país podemos encontrar a sede da empresa AVON?Estados Unidos
87%
Que nome damos ao dispositivo que realiza cálculos matemáticos?Calculadora
80%
Que nome damos ao instrumento de desenho que faz arcos de circunferência?Compasso
80%
Que objeto usado para medir distâncias ou para produzir linhas retas?Régua
80%
Em que estado dos EUA podemos encontrar a sede da empresa HP?Califórnia
67%
Em que país podemos encontrar a cidade sede da empresa Faber-Castell?Alemanha
53%
Em que país podemos encontrar a sede da empresa Ray-Ban?Itália
53%
Que nome damos a um restaurante de instituições e escolas de grande porte, para os funcionários e/ou alunos?Cantina
47%
Que nome damos ao instrumento feito para medir ângulos?Transferidor
47%
Que nome damos ao ato religioso de invocação ou conversa com algum ser transcendente?Oração
40%
Em que país podemos encontrar a sede da empresa Casio?Japão
33%
Em que país podemos encontrar a sede da empresa Absolut Vodka?Suécia
27%
Em que estado dos EUA podemos encontrar a sede da empresa Gillette?Massachusetts
20%
Em que estado dos EUA podemos encontrar a sede da empresa Xerox?Connecticut
13%

Distribuição das Pontuações

Percentil de Números Respondidos

Porcentagem de Pessoas com Cada Pontuação

Sua Pontuação Histórica

Você não jogou esse quiz